Hydrology for engineers (Record no. 5496)

000 -LEADER
fixed length control field 00642nam a22002297a 4500
001 - CONTROL NUMBER
control field 5496
003 - CONTROL NUMBER IDENTIFIER
control field BD-DhUET
008 - FIXED-LENGTH DATA ELEMENTS--GENERAL INFORMATION
fixed length control field 141126b xxu||||| |||| 00| 0 eng d
020 ## - INTERNATIONAL STANDARD BOOK NUMBER
International Standard Book Number 0070841853
040 ## - CATALOGING SOURCE
Original cataloging agency DLC
Transcribing agency DLC
Modifying agency BD-DhUET
082 ## - DEWEY DECIMAL CLASSIFICATION NUMBER
Classification number 551.4962
Item number LIN/1988
100 ## - MAIN ENTRY--PERSONAL NAME
Personal name Linsley, Ray K.
245 ## - TITLE STATEMENT
Title Hydrology for engineers
250 ## - EDITION STATEMENT
Edition statement Ist ed.
260 ## - PUBLICATION, DISTRIBUTION, ETC. (IMPRINT)
Place of publication, distribution, etc. London
Name of publisher, distributor, etc. McGraw-Hill Book Company
Date of publication, distribution, etc. 1988
300 ## - PHYSICAL DESCRIPTION
Extent xx, 492p.
Other physical details col. ill.
490 ## - SERIES STATEMENT
Series statement Mraw-Hill series in water resources and environmental engineering
504 ## - BIBLIOGRAPHY, ETC. NOTE
Bibliography, etc Includes bibliographies
650 #0 - SUBJECT ADDED ENTRY--TOPICAL TERM
Topical term or geographic name as entry element Hydrology- Engineering
700 ## - ADDED ENTRY--PERSONAL NAME
Personal name Kohler, Max A.
942 ## - ADDED ENTRY ELEMENTS (KOHA)
Koha item type General Book
Holdings
Shelving location Not for loan Piece designation (barcode) Koha normalized classification for sorting Location (home branch) Source of classification or shelving scheme Koha date last seen Koha item type Lost status Sublocation or collection (holding branch) Damaged status Price effective from Koha full call number Withdrawn status Date acquired Copy number
Circulation section 77764551_496200000000000_LIN_1988Central Library, BUET 2014-11-26General Book Central Library, BUET 2014-11-26551.4962/LIN/1988 2014-11-261